| 000 | 00911nam a22002777a 4500 | ||
|---|---|---|---|
| 001 | 9331 | ||
| 003 | FISKH | ||
| 005 | 20251211095105.0 | ||
| 008 | 251211b cb ||||| |||| 00| 0 eng d | ||
| 020 | _a9780545684484 | ||
| 040 |
_aFISKH _beng _cFISKH _dFISKH |
||
| 050 | _aHV569.B3 P65 | ||
| 082 | _a361.7 | ||
| 100 | _aPolacco, Patricia | ||
| 245 |
_aClara and Davie : _bThe true story of young Clara Barton Founder of the American red cross / _cPatricia Polacco |
||
| 260 |
_aNew York : _bScholastic, _c2014. |
||
| 300 |
_a40 unnumbered pages : _bcolor illustrations ; _c21 x 26 cm |
||
| 505 | _aR | ||
| 520 | _aDepicts the life of a young Clara Barton, the founder of the American Red Cross. | ||
| 521 | 8 |
_a690
_bLexile |
|
| 521 | 8 |
_aR
_bRaz-Plus |
|
| 650 |
_aBrothers and sisters _vSpeech Impediment |
||
| 650 |
_aAmerican history _vBiography |
||
| 942 |
_2ddc _cBK _n0 |
||
| 999 |
_c9331 _d9331 |
||